La psicología de C.G. Jung y su significación social /

Guardado en:
Detalles Bibliográficos
Autor principal: Progoff, Ira (autor)
Formato: Libro
Idioma:Español
Colección:(Biblioteca del Hombre Contemporáneo ; 177)
Temas:
Etiquetas: Agrega una etiqueta
Sin etiquetas, Sé el primero en etiquetar este registro!

MARC

LEADER 00000nam^a2200000^a^4500
001 000157898
005 20250521000000.0
009 20260310100556.42
037 |a Acervo ITESO - Biblioteca 
041 |a ESP 
082 |a 150. 1954  |b JUN CRI PRO 
100 |a Progoff, Ira  |e (autor) 
245 1 3 |a La psicología de C.G. Jung y su significación social /  |c I. Progoff ; introd. de Goodwin Watson ; tr. por Eduardo Loedel. 
264 |a Buenos Aires, Argentina :  |b Paidós,  |c 1967 
300 |a 352 p. 
336 |a texto  |b txt  |2 rdacontenido 
337 |a sin mediación  |b n  |2 rdamedio 
338 |a volumen  |b nc  |2 rdasoporte 
440 1 |a (Biblioteca del Hombre Contemporáneo ;  |v 177) 
500 |a Traducción de: Jung's Psychology and its Social Meanning 
649 |a XX 
650 |a Psicoanalistas Suizos 
650 |a Psiquiatras Suizos 
650 |a Médicos Suizos 
650 |a Desarrollo Cognoscitivo 
650 |a Conciencia 
650 |a Inconsciente 
650 |a Inconsciente Colectivo 
650 |a Neurosis 
650 |a Psicopatología 
650 |a Sueño y Dormir 
650 |a Interpretación Psicoanalítica 
650 |a Simbolismo 
650 |a Arquetipos 
650 |a Mitología 
650 |a Método Experimental 
650 |a Psicoterapia 
650 |a Psicoanálisis Junguiano 
650 |a Psicoanálisis No Freudiano 
650 |a Psicoanálisis 
650 |a Psicología Clínica 
650 |a Jung, Carl Gustav 
910 |a Fondo Armando Suárez Gómez 
920 |a Impresos - Libros 
930 |a Fondos Especiales 
905 |a 111 
901 |a 0700001869  |b IT2  |c ESP  |u 20250521 
902 |a https://opac.biblio.iteso.mx/vufind/Record/000157898